Pocket criminal code 2009./ (Record no. 2949)
[ view plain ]
| 000 -LEADER | |
|---|---|
| fixed length control field | 00868nam a22001697a 4500 |
| 008 - FIXED-LENGTH DATA ELEMENTS--GENERAL INFORMATION | |
| fixed length control field | 140604b xxu||||| |||| 00| 0 eng d |
| 020 ## - INTERNATIONAL STANDARD BOOK NUMBER | |
| International Standard Book Number | 9780779815708 |
| 050 ## - LIBRARY OF CONGRESS CALL NUMBER | |
| Classification number | K8804.P633 |
| 100 ## - MAIN ENTRY--PERSONAL NAME | |
| Personal name | Rodrigues,Gary P. |
| 245 ## - TITLE STATEMENT | |
| Title | Pocket criminal code 2009./ |
| Statement of responsibility, etc. | Gary P. Rodrigues. |
| 260 ## - PUBLICATION, DISTRIBUTION, ETC. | |
| Place of publication, distribution, etc. | Canada: |
| Name of publisher, distributor, etc. | Thomson Carswell.: |
| Date of publication, distribution, etc. | 2008. |
| 300 ## - PHYSICAL DESCRIPTION | |
| Extent | cxii,358p: |
| Dimensions | 18cm. |
| 500 ## - GENERAL NOTE | |
| General note | Includes appendix and index. |
| 505 ## - FORMATTED CONTENTS NOTE | |
| Formatted contents note | Contents:-- Criminal code -- Canada Evidence Acts --Canadian Bill of Rights -- Constitution Act --Controlled Drugs and Substance Acts -- criminal Records Acts -- DNA Identification Act -- Extradition Acts -- Firearms Act -- Identification of Criminals Act -- Interpretation Act -- Motor Vehicle Transport Act -- Sex Offender Information Registration Act -- Youth Criminal Justice Act -- Forms of Charges. |
| 650 ## - SUBJECT ADDED ENTRY--TOPICAL TERM | |
| Topical term or geographic name entry element | Criminal code. |
| 942 ## - ADDED ENTRY ELEMENTS (KOHA) | |
| Source of classification or shelving scheme | Library of Congress Classification |
| Koha item type | Books |
| Withdrawn status | Lost status | Source of classification or shelving scheme | Damaged status | Not for loan | Home library | Current library | Shelving location | Date acquired | Total Checkouts | Full call number | Barcode | Date last seen | Copy number | Price effective from | Koha item type |
|---|---|---|---|---|---|---|---|---|---|---|---|---|---|---|---|
| Library of Congress Classification | WISCONSIN INTERNATIONAL UNIVERSITY COLLEGE, GHANA - MAIN LIBRARY | WISCONSIN INTERNATIONAL UNIVERSITY COLLEGE, GHANA - MAIN LIBRARY | Reference | 04/06/2014 | K8804.P633 | 7547/575/13 | 04/06/2014 | 1 | 04/06/2014 | Books |
